| 000 | 00636nam a22001937a 4500 | ||
|---|---|---|---|
| 003 | OSt | ||
| 005 | 20250826013608.0 | ||
| 008 | 250826b |||||||| |||| 00| 0 eng d | ||
| 020 | _a9781429255257 | ||
| 040 | _cOC | ||
| 082 | _aCirc. 551.8 R913e 2014 | ||
| 100 | _aRUDDIMAN, WILLIAM F. | ||
| 245 |
_a Earth's climate : _b past and future / _cRUDDIMAN, WILLIAM F. |
||
| 260 |
_aNew York : _bW.H. Freeman and Company, _cc2014. |
||
| 300 |
_a xvii, 445 pages : _bcolor illustrations ; _c28 cm. |
||
| 504 | _aIncludes glossary | ||
| 650 | _2Climatology. 2. Climate changes. 3. Climate. I. Title. | ||
| 942 |
_2ddc _cBK-CIRC _kCirc. _n0 |
||
| 999 |
_c4221 _d4221 |
||